[Event "Novokuznetsk-ch"]
[Site "Novokuznetsk"]
[Date "2012.12.16"]
[Round "9"]
[White "Karpov, Arkadiy"]
[Black "Bogachev, Alexandr"]
[Result "1-0"]
[WhiteElo "2047"]
[BlackElo "2030"]
[PlyCount "67"]
[EventDate "2012.11.18"]
[EventType "swiss"]
[EventRounds "9"]
[EventCountry "RUS"]
[SourceTitle "EXT 2014"]
[Source "ChessBase"]
[SourceDate "2013.11.20"]
[SourceVersion "1"]
[SourceVersionDate "2013.11.20"]
[SourceQuality "1"]

1. Nf3 d5 2. g3 g6 3. Bg2 Bg7 4. d4 c6 5. 0-0 Nd7 6. c4 e6 7. b3 Ne7 8. Nc3 Nf6 9. Qc2 0-0 10. h3 h6 11. Rd1 g5 12. Ba3 Re8 13. Rac1 Ng6 14. e4 dxe4 15. Nxe4 Nxe4 16. Qxe4 Qa5 17. Bc5 Qxa2 18. Ra1 Qxb3 19. Qe2 e5 20. Rdb1 Qxb1+ 21. Rxb1 b6 22. Bd6 Bf5 23. Re1 e4 24. Ne5 Nxe5 25. dxe5 f6 26. Bxe4 Bxe4 27. Qxe4 fxe5 28. Qxc6 Kh7 29. Qb7 a5 30. Bxe5 Rxe5 31. Rxe5 Rg8 32. Qe4+ Kh8 33. Re8 Bf8 34. Qe5+ 1-0

[Event "Novokuznetsk-ch"]
[Site "Novokuznetsk"]
[Date "2012.12.08"]
[Round "6"]
[White "Leonov, A."]
[Black "Bogachev, Alexandr"]
[Result "1-0"]
[WhiteElo "2155"]
[BlackElo "2030"]
[PlyCount "119"]
[EventDate "2012.11.18"]
[EventType "swiss"]
[EventRounds "9"]
[EventCountry "RUS"]
[SourceTitle "EXT 2014"]
[Source "ChessBase"]
[SourceDate "2013.11.20"]
[SourceVersion "1"]
[SourceVersionDate "2013.11.20"]
[SourceQuality "1"]

1. e4 c6 2. d4 d5 3. exd5 cxd5 4. c4 Nf6 5. Nc3 e6 6. Bg5 Be7 7. Nf3 0-0 8. Be2 Nc6 9. Ne5 Nxe5 10. dxe5 Ne4 11. Bxe7 Qxe7 12. Nxe4 dxe4 13. 0-0 f5 14. exf6 gxf6 15. Qc2 f5 16. f3 Qc5+ 17. Kh1 e3 18. f4 Bd7 19. Qc3 e5 20. b4 Qd4 21. Qb3 exf4 22. Rad1 Qg7 23. c5+ Kh8 24. Rxf4 Bc6 25. Bf3 Qe5 26. Bxc6 bxc6 27. g3 Rad8 28. Re1 e2 29. Qf3 Rd2 30. Kg2 a5 31. a3 axb4 32. axb4 Rf6 33. Kf2 Qb2 34. Qe3 Kg7 35. Rxe2 Rxe2+ 36. Qxe2 Qb3 37. Qd2 Qb1 38. Rd4 h6 39. Qe1 Qa2+ 40. Qe2 Qb1 41. Qe7+ Rf7 42. Qe5+ Kh7 43. Rd8 Qc2+ 44. Kf3 Rg7 45. Rf8 Qd3+ 46. Kg2 Qc2+ 47. Kh3 Qe4 48. Qxf5+ Qxf5+ 49. Rxf5 Kg6 50. Rf4 Rd7 51. Kh4 Rd5 52. g4 h5 53. Rf5 Rd4 54. Rg5+ Kf6 55. Kxh5 Rxb4 56. Rg6+ Kf7 57. Rxc6 Rb8 58. h4 Rh8+ 59. Kg5 Ke7 60. h5 1-0

[Event "Novokuznetsk op"]
[Site "Novokuznetsk"]
[Date "2012.08.05"]
[Round "4"]
[White "Shadrin, Oleg Gennadievich"]
[Black "Bogachev, Alexandr"]
[Result "0-1"]
[WhiteElo "1734"]
[BlackElo "2041"]
[PlyCount "68"]
[EventDate "2012.08.02"]
[EventType "swiss"]
[EventRounds "9"]
[EventCountry "RUS"]
[SourceTitle "EXT 2013"]
[Source "ChessBase"]
[SourceDate "2012.11.22"]
[SourceVersion "1"]
[SourceVersionDate "2012.11.22"]
[SourceQuality "1"]

1. d4 d5 2. c4 e6 3. Nc3 f5 4. Nf3 Nf6 5. cxd5 exd5 6. Bg5 Be7 7. e3 0-0 8. Bd3 c6 9. Qc2 Ne4 10. Bxe7 Qxe7 11. 0-0 Nd7 12. Nd2 Ndf6 13. f3 Nxc3 14. bxc3 Qxe3+ 15. Kh1 Qg5 16. Rae1 Nh5 17. Rf2 Qh4 18. Nf1 g6 19. g3 Qf6 20. Re5 Bd7 21. c4 dxc4 22. Bxc4+ Kh8 23. Nd2 c5 24. f4 cxd4 25. Qb2 Rad8 26. Kg1 Qb6 27. Nb3 Bc6 28. Kf1 Qb4 29. Rc5 Nf6 30. Rd2 Rfe8 31. Be2 Ne4 32. Rxd4 Rxd4 33. Rc4 Nd2+ 34. Kf2 Rxe2+ 0-1

[Event "Novokuznetsk-ch op"]
[Site "Novokuznetsk"]
[Date "2010.12.05"]
[Round "7"]
[White "Bogachev, Alexandr"]
[Black "Kuzmichev, Alexander"]
[Result "1/2-1/2"]
[WhiteElo "2059"]
[BlackElo "1986"]
[PlyCount "120"]
[EventDate "2010.11.14"]
[EventType "swiss"]
[EventRounds "9"]
[EventCountry "RUS"]
[SourceTitle "EXT 2022"]
[Source "ChessBase"]
[SourceDate "2021.10.06"]
[SourceVersion "1"]
[SourceVersionDate "2021.10.06"]
[SourceQuality "1"]

1. d4 Nf6 2. Nd2 g6 3. e4 d6 4. Be2 Bg7 5. Ngf3 0-0 6. 0-0 Nbd7 7. h3 c6 8. a4 e5 9. dxe5 dxe5 10. c3 Qc7 11. Qc2 Nh5 12. Re1 Kh8 13. Nc4 Nc5 14. Bf1 Ne6 15. g3 Bd7 16. a5 Rab8 17. Be3 b5 18. axb6 axb6 19. Red1 f5 20. Bc1 Nc5 21. Nfd2 b5 22. b4 Ne6 23. exf5 gxf5 24. Na5 e4 25. Ndb3 Rg8 26. Bg2 Be5 27. Ra2 Be8 28. Nc5 Nxc5 29. bxc5 Bf7 30. c4 Ra8 31. Bb2 Rge8 32. Bc3 Kg8 33. Bf1 Ng7 34. Rda1 e3 35. f4 Bxc3 36. Qxc3 Nh5 37. Rg2 Ra7 38. Nb3 Rxa1 39. Nxa1 Qa7 40. cxb5 cxb5 41. Bxb5 Rb8 42. Bf1 Rb1 43. Nc2 Bd5 44. Nxe3 Bxg2 45. Nxg2 Qa6 46. Qf3 Nf6 47. Ne3 Qa3 48. Kg2 Rb2+ 49. Kh1 Qxc5 50. Bc4+ Kg7 51. g4 Rb1+ 52. Kg2 Rb2+ 53. Be2 fxg4 54. hxg4 Qb5 55. Nf5+ Kg6 56. Kf1 Rxe2 57. Nh4+ Kf7 58. Qxe2 Qxe2+ 59. Kxe2 Nxg4 60. Kf3 Nf6 1/2-1/2